LEADER 01112nam a2200277 u 4500 001 000000039347 003 CaOOAMICUS 005 20070226113959.0 008 980512s1976 it u000 u ita u 035 $a10794166 040 $aPUL(R)$bita 100 1 $aNocera, Guglielmo.$0(OLS)http://pul/name/11568 245 10$a"Reddere ius" :$bsaggio di una storia dell'amministrazione della giustizia in Roma /$cGuglielmo Nocera. 260 $aRoma :$bBulzoni,$c1976. 300 $a266 p. ;$c21 cm 500 $aInclude indici. 504 $aBibliografia in nota. 650 4$aDiritto romano.$0(OLS)http://pul/subject/382 850 $aPUL 852 $aPUL$W1$xSL Diritto e Scienze Sociali 1$y4$m188 A 90$j53513$nBK-PRI$b $qStampati$B53513$CPULBib$Z2$F53513 $H $81 941 1 $a8 960 $aRoman law$9382 960 $aRoman law$9382 961 $aINV: 68121. -- Dono G. Lombardi. 996 $6245$a"Reddere ius" :$bsaggio di una storia dell'amministrazione della giustizia in Roma$9(OLS)http://pul/title/53271 996 $6260$aRoma :$bBulzoni$9(OLS)http://pul/publisher/48135 LEADER 01119nam a2200277 u 4500 001 000000076453 003 CaOOAMICUS 005 20070226123219.0 008 031201s1969 it u000 u ita u 035 $a10977946 040 $aPUL(R)$bita 041 1 $aita$heng 100 1 $aThorman, Donald J.$0(OLS)http://pul/name/50862 240 10$aAmerican catholics face the future.$lItaliano.$0(OLS)http://pul/title/100280 245 12$aL'avvenire dei cattolici americani /$cDonald J. Thorman. 260 $aBrescia :$bQueriniana,$c1969. 300 $a274 p. ;$c20 cm 490 1 $aOutsidersqueriniana ;$v7 504 $aBibliografia in nota. 650 4$aChiesa cattolica$zStati Uniti.$0(OLS)http://pul/subject/21939 830 0$aOutsidersqueriniana ;$v7.$0(OLS)http://pul/title/100282 850 $aPUL 852 $aPUL$W1$xSL Filosofia 1$y2$m132 C 36$j98208$nBK-PRI$b $qStampati$B98208$CPULBib$Z2$F98208 $H35919 $81 941 1 $a8 996 $6245$aL'avvenire dei cattolici americani$9(OLS)http://pul/title/100281 996 $6260$aBrescia :$bQueriniana$9(OLS)http://pul/publisher/47906